00627cam a22002051 4500001001300000003000400013005001700017008004100034010002200075025002000097043001200117050001800129110005400147245003500201260010500236300003400341350000800375650002100383999001700404sa 68012829 DLC20260227112615.0711115s1966 ii a 00010 eng  asa 68012829 //r84 aPL480:I-E-10003 aa-ii---0 aUB359.I5bA5410aIndia.bMinistry of Information and Broadcasting.10aResettlement of ex-servicemen.0 a[New Delhi]bPublications Division, Ministry of Information and Broadcasting, Govt. of Indiac[1966] aiii, 48, 2 p.billus.c22 cm. aRe1 0aVeteranszIndia. c84776d84776